Eastern Utah Libraries Catalog: Duchesne, Heber, Roosevelt, & Vernal

Out of range / (Joe Pickett Book 5) (Record no. 148286)

MARC details
000 -LEADER
fixed length control field 01285cam a2200373 a 4500
001 - CONTROL NUMBER
control field 108781
003 - CONTROL NUMBER IDENTIFIER
control field DCL
005 - DATE AND TIME OF LATEST TRANSACTION
control field 20241220150311.0
008 - FIXED-LENGTH DATA ELEMENTS--GENERAL INFORMATION
fixed length control field 041103s2005 nyu 000 1 eng
010 ## - LIBRARY OF CONGRESS CONTROL NUMBER
LC control number 2004060141
020 ## - INTERNATIONAL STANDARD BOOK NUMBER
International Standard Book Number 0399152911 (acid-free paper)
035 ## - SYSTEM CONTROL NUMBER
System control number 13771218
040 ## - CATALOGING SOURCE
Original cataloging agency DLC
Transcribing agency DLC
Modifying agency DLC
Description conventions rda
043 ## - GEOGRAPHIC AREA CODE
Geographic area code n-us-wy
050 00 - LIBRARY OF CONGRESS CALL NUMBER
Classification number PS3552.O87658
Item number O94 2005
082 00 - DEWEY DECIMAL CLASSIFICATION NUMBER
Classification number 813/.54
Edition number 22
092 ## - LOCALLY ASSIGNED DEWEY CALL NUMBER (OCLC)
Classification number F
100 1# - MAIN ENTRY--PERSONAL NAME
Personal name Box, C. J.
9 (RLIN) 64725
245 10 - TITLE STATEMENT
Title Out of range / (Joe Pickett Book 5)
Statement of responsibility, etc C.J. Box.
260 ## - PUBLICATION, DISTRIBUTION, ETC. (IMPRINT)
Place of publication, distribution, etc New York :
Name of publisher, distributor, etc G.P. Putnam's Sons,
Date of publication, distribution, etc c2005.
264 ## - Production, Publication, Distribution, Manufacture, and Copyright Notice.
Place of production, publication, distribution, manufacture New York :
Name of producer, publisher, distributor, manufacturer G.P. Putnam's Sons,
Date of production, publication, distribution, manufacture, or copyr c2005.
300 ## - PHYSICAL DESCRIPTION
Extent 308 p. ;
Dimensions 24 cm.
336 ## - Content Type
Content type term text
337 ## - Media type
Media type term unmediated
338 ## - Carrier type
Carrier type term volume
440 ## - SERIES STATEMENT/ADDED ENTRY--TITLE
Title Joe Pickett :
Volume number/sequential designation Book 5.
9 (RLIN) 5814201
650 #0 - SUBJECT ADDED ENTRY--TOPICAL TERM
Topical term or geographic name as entry element Pickett, Joe (Fictitious character)
Form subdivision Fiction.
9 (RLIN) 5678709
650 #0 - SUBJECT ADDED ENTRY--TOPICAL TERM
Topical term or geographic name as entry element Game wardens
Form subdivision Fiction.
9 (RLIN) 5674692
651 #0 - SUBJECT ADDED ENTRY--GEOGRAPHIC NAME
Geographic name Wyoming
Form subdivision Fiction.
9 (RLIN) 5675113
655 #7 - INDEX TERM--GENRE/FORM
Genre/form data or focus term Mystery fiction.
Source of term gsafd
9 (RLIN) 6312858
856 42 - ELECTRONIC LOCATION AND ACCESS
Materials specified Contributor biographical information
Uniform Resource Identifier <a href="http://www.loc.gov/catdir/enhancements/fy0717/2004060141-b.html">http://www.loc.gov/catdir/enhancements/fy0717/2004060141-b.html</a>
856 42 - ELECTRONIC LOCATION AND ACCESS
Materials specified Publisher description
Uniform Resource Identifier <a href="http://www.loc.gov/catdir/enhancements/fy0717/2004060141-d.html">http://www.loc.gov/catdir/enhancements/fy0717/2004060141-d.html</a>
942 ## - ADDED ENTRY ELEMENTS (KOHA)
Koha item type BOOK
Source of classification or shelving scheme Dewey Decimal Classification
Holdings
Withdrawn status Lost status Source of classification or shelving scheme Damaged status Not for loan Collection code Home library Current library Shelving location Date acquired Source of acquisition Cost, normal purchase price Total Checkouts Total Renewals Full call number Barcode Checked out Date last seen Date checked out Cost, replacement price Price effective from Koha item type
    Dewey Decimal Classification     Fiction Wasatch County Library Wasatch County Library First Floor 02/21/2018 Donation 7.99 22 5 F Box 34301001606161 04/10/2026 02/11/2026 02/11/2026 7.99 03/20/2020 BOOK
This project was made possible through a grant from the Institute of Museum and Library Service administered by the Utah State Library Division.

Wasatch County Library

  • 465 East 1200 South, Heber City, Utah 84032
  • Phone 435-654-1511 | Fax 435-654-6456

Hours

  • Monday - Friday 9:30 AM - 8:00 PM
  • Saturday 9:30 AM - 1:30 PM
  • Closed Sundays and Holidays